| 000 | 00475nam a22001457a 4500 | ||
|---|---|---|---|
| 082 | _a621.39 | ||
| 100 | _aAjmal, Ammar | ||
| 245 |
_aImplementation of SCA like Architecture on SYS BIOS for Software Defined Radio / _cAmmar Ajmal |
||
| 260 |
_aIslamabad : _bCEME - NUST, _c2014. |
||
| 300 |
_a64 p. ; _c30cm. |
||
| 650 |
_aComputer Science-MS-Thesis _916114 |
||
| 700 |
_aDr. Shoab A. Khan _918474 |
||
| 942 |
_2ddc _cTHE |
||
| 999 |
_c536304 _d536304 |
||